000 00768cam a22002534a 4500
008
020 _a0072553472 (hbk. )
049 _aMAIN
090 _aHF5548.32
_bRAY
100 1 _aRayport, Jeffrey F.
245 1 0 _aIntroduction to e-commerce /
_cJeffrey F. Rayport and Bernard J. Jaworski.
250 _a2nd ed.
260 _aBoston :
_bMcGraw-Hill/Irwin marketspaceU,
_c2004.
300 _axxvii, 664 p. :
_bill. ;
_c27 cm.
500 _aIncludes index.
504 _aIncludes bibliographical references.
650 0 _aElectronic commerce.
700 1 _aJaworski, Bernard J.
907 _a.b10286184
_b24-10-11
_c03-11-10
003
005 20230120133839.0
040 _cNUST
942 _cBOOKS
_kHF5548.32
_mRAY
999 _c96514
_d96514